|
|
|
|
| LEADER |
00000nab a2200000u 4500 |
| 001 |
vtls011899338 |
| 003 |
SK-MaSNL |
| 005 |
20260304001947.0 |
| 008 |
191111|2019 xo ||||||| || ||slo| |
| 038 |
|
|
|a KEVKJB
|
| 040 |
|
|
|a KEVKJB
|b slo
|e rda
|
| 041 |
0 |
|
|a slo
|
| 043 |
|
|
|a e-xo---
|
| 044 |
|
|
|a xo
|c SK
|
| 072 |
|
7 |
|a 636
|x Chov zvierat. Živočíšna výroba
|2 konspekt
|
| 080 |
|
|
|a 636.7
|2 2011
|
| 100 |
1 |
|
|a Almášiová, Monika
|4 aut
|9 1086573
|
| 245 |
1 |
0 |
|a Košice dajú za karanténu a asanačku o sto percent viac
|b psíky odchytávali hneď v prvých dňoch
|c Monika Almášiová
|
| 300 |
|
|
|b Fotografie
|
| 336 |
|
|
|a text
|b txt
|2 rdacontent
|
| 337 |
|
|
|a bez média
|b n
|2 rdamedia
|
| 338 |
|
|
|a zväzok
|b nc
|2 rdacarrier
|
| 650 |
0 |
7 |
|a psy
|2 SNKPH
|9 1288
|
| 650 |
0 |
7 |
|a asanačné služby
|2 kevkjb
|9 877961
|
| 650 |
0 |
7 |
|a karanténne stanice
|2 kevkjb
|9 1053347
|
| 651 |
|
7 |
|a Košice (Slovensko)
|2 SNKPHgeo
|9 18694
|
| 773 |
0 |
|
|t Korzár
|g Roč. XXII., č. 45 (2019), s. 6
|x 2585-7355
|
| 852 |
|
|
|a KEVKJB
|b KIS3GCP
|
| 856 |
4 |
1 |
|u https://kosice.korzar.sme.sk/c/22250195/tulave-zvierata-doteraz-stali-kosice-takmer-7500-eur-po-novom-je-to-viac-ako-15-000-eur.html
|
| 999 |
|
|
|c 2539613
|d 2541543
|